000 00231nam a2200097Ia 4500
008 190216s9999||||xx |||||||||||||| ||und||
100 _aNull
245 0 _aHindi-Souday Ki Sang
260 _b"Dorling Kindersley , London"
942 _cBK
999 _c18394
_d18394